MARC

Tag First Indicator Second Indicator Subfields
LEADER 00000cgm a2200000Ia 4500
001 in00002584721
005 20151201115734.0
007 vd cvaizu
008 100329s2009 enk060 vlita d
024 1 |a 044007433966 
028 4 1 |a B0014039-09  |b Decca 
035 |a (OCoLC)ocn586545055 
035 |a (OCoLC)586545055 
040 |a UNL  |c UNL  |d UtOrBLW 
041 1 |d ita  |j eng  |j fre  |j ger  |j ita  |j spa  |g eng 
049 |a TXAM 
090 |a M1505.B37  |b S23 2009 
100 1 |a Bartoli, Cecilia,  |e performer. 
245 1 0 |a Sacrificium :  |b the art of the castrati /  |c performed by Cecilia Bartoli ; an Idéale Audience, UMCMP, ZDF, Arte, Unitel co-production. 
246 3 0 |a Art of the castrati 
264 1 |a London :  |b Decca,  |c [2009] 
264 4 |c ©2009 
300 |a 1 videodisc (60 min.) :  |b sound, color ;  |c 4 3/4 in. 
336 |a two-dimensional moving image  |b tdi  |2 rdacontent 
337 |a video  |b v  |2 rdamedia 
338 |a videodisc  |b vd  |2 rdacarrier 
538 |a DVD; region 0; soundtracks in LPCP stereo., DTS 5.1 surround, Dolby Digital stereo (bonus features); NTSC; aspect ratio 16:9, anamorphic widescreen. 
546 |a Sung in Italian, with English, French, German, Italian, and Spanish subtitles. 
511 0 |a Cecilia Bartoli, soprano ; Il Giardino Armonico ; Giovanni Antonini, conductor. 
508 |a Producer, Pierre-Oliver Bardet ; music editor, Martin Heimgartner. 
500 |a Program notes in English (15 pages : ill. ; 18 cm) inserted in container. 
505 0 |a Come nave in mezzo all'onde / Nicola Porpora -- Sposa, non mi conosci / Geminiano Giacomelli -- Sinfonia / Nicola Porpora -- Cadro, ma qual si mira / Francesco Araia -- Parto, ti lascio, o cara ; In braccio a mille furie ; Nobil onda ; Usignolo sventurato / Nicola Porpora -- Son qual nave / Riccardo Broschi -- Ombra mai fu / George Frideric Handel. 
500 |a Special features include: Cecilia Bartoli discusses Sacrificium; Sinfonia from the cantata Perdono, amata Nice (1746) by Nicola Propora; visit to Caserta; photo gallery; Maria trailer. 
500 |a Videorecording. 
650 0 |a Castrati. 
650 0 |a Operas  |v Excerpts. 
650 0 |a Oratorios  |v Excerpts. 
650 0 |a Songs (Medium voice) with chamber orchestra. 
655 7 |a Filmed operas.  |2 lcgft 
700 1 |a Antonini, Giovanni,  |d 1965-  |e conductor. 
700 1 2 |a Porpora, Nicola,  |d 1686-1768.  |t Siface.  |n (1725),  |p Come nave in mezzo all'onde. 
700 1 2 |a Giacomelli, Geminiano,  |d approximately 1692-1740.  |t Merope.  |p Sposa non mi conosci. 
700 1 2 |a Porpora, Nicola,  |d 1686-1768.  |t Germanico in Germania. 
700 1 2 |a Araja, Francesco,  |d 1709-  |t Berenice.  |p Cadrò, ma qual si mira. 
700 1 2 |a Porpora, Nicola,  |d 1686-1768.  |t Germanico in Germania.  |p Parto, ti lascio, o cara. 
700 1 2 |a Porpora, Nicola,  |d 1686-1768.  |t Semiramide riconosciuta.  |n (1729),  |p In braccio a mille furie. 
700 1 2 |a Porpora, Nicola,  |d 1686-1768.  |t Adelaide.  |p Nobil onda. 
700 1 2 |a Porpora, Nicola,  |d 1686-1768.  |t Siface.  |n (1725),  |p Usignolo sventurato. 
700 1 2 |a Broschi, Riccardo,  |d approximately 1698-1756.  |t Son qual nave. 
700 1 2 |a Handel, George Frideric,  |d 1685-1759.  |t Serse.  |p Ombra mai fù. 
710 2 |a Giardino armonico (Musical group) 
710 2 |a Zweites Deutsches Fernsehen. 
710 2 |a Idéale Audience International. 
710 2 |a Arte (Firm) 
710 2 |a Unitel Film- und Fernsehproduktionsgesellschaft mbH. 
710 2 |a Decca Music Group. 
994 |a C0  |b TXA 
948 |a cataloged  |b h  |c 2010/4/20  |d c  |e blrosas  |f 8:53:36 am 
999 |a MARS 
999 f f |s 6aef2d99-3803-3054-81ed-1f7979bbf337  |i 8ee3b91b-82ed-3f71-891a-acc2747330a7  |t 0 
952 f f |p ric  |a Texas A&M University  |b Rellis Campus  |c Joint Library Facility  |d Remote Storage  |t 0  |e M1505.B37 S23 2009  |h Library of Congress classification  |i video -- videodisc  |m A14839139045 
998 f f |a M1505.B37 S23 2009  |t 0  |l Remote Storage